01156nam a22002177a 4500001000500000005001700005020001800022040002900040050001400069082001100083100001900094245006300113250003200176260003400208300003000242490003400272505000700306520059100313521001700904521001700921259720240103164422.0 a9780439405614 aFISKHbengcFISKHdFISKH aPZ7.L3274 a813.54 aLasky, Kathryn aThe shattering /cGaurdians of Ga'hoole ; By Kathryn Lasky aFirst Printing, August 2004 aNew York :bScholastic,c2004 a176 pages :bmap ;c20 cm aGuardians of Ga'hoolevBook 5 aO  aIn the midst of war, Soren's sister, Eglantine, unwittingly becomes a spy for Kludd, leader of the Pure Ones, a group of evil owls. She is brainwashed by an owl sent by the Pure Ones to infiltrate the Great Ga'Hoole Tree. Her odd behavior eventually attracts attention, and Soren and his friends vow to find out what has happened. They ultimately learn of her brainwashing and help her reverse the effects. Kludd continues to battle against the Guardians of Ga'Hoole for control of their tree. In the end, Kludd and his forces are defeated, but his conflict with Soren is not yet over.  a790 bLexile aO bRaz-Plus